000
00408nam a2200133Ia 4500
008
151001s9999||||xx |||||||||||||| ||und||
100
_a
शारदाकुमार शिर्सेकर
245
_a
दीप तुझ्या वंशाचा
250
_a
2
260
_b
त्रिदल प्रकाशन मुंबई
260
_c
1977
300
_a
94
365
_b
18
999
_c
981727
_d
981724